[Event "Sicilia Regional-ch"]
[Site "Erice"]
[Date "2009.05.31"]
[Round "3"]
[White "Schinelli, Nicolo"]
[Black "Guarino, Giuseppe"]
[Result "0-1"]
[WhiteElo "1377"]
[BlackElo "1503"]
[PlyCount "52"]
[EventDate "2009.05.30"]
[EventType "swiss"]
[EventRounds "7"]
[EventCountry "ITA"]
[SourceTitle "EXT 2011"]
[Source "ChessBase"]
[SourceDate "2010.11.26"]
[SourceVersion "1"]
[SourceVersionDate "2010.11.26"]
[SourceQuality "1"]

1. e4 c5 2. Bc4 d6 3. Nf3 Bg4 4. h3 Bxf3 5. Qxf3 Nf6 6. d3 e6 7. Bb5+ Nbd7 8. 0-0 Be7 9. Qg3 0-0 10. Nc3 Ne5 11. Bg5 a6 12. Ba4 b5 13. Bb3 Nh5 14. Qh4 Bxg5 15. Qxh5 Nc6 16. a3 Nd4 17. f4 Nxb3 18. cxb3 Bf6 19. f5 Ra7 20. fxe6 fxe6 21. Rf4 Bd4+ 22. Rf2 Bxf2+ 23. Kh2 Raf7 24. Qe2 Qg5 25. Kh1 Bd4 26. h4 Qxh4# 0-1